| 000 | 01234nam a2200229Ia 4500 | ||
|---|---|---|---|
| 003 | Ost | ||
| 005 | 20260507075803.0 | ||
| 008 | 260507s9999||||xx |||||||||||||| ||und|| | ||
| 040 | _cfsecg | ||
| 041 | _aara | ||
| 082 | _a657.46 | ||
| 100 |
_aالصبان، محمد سمير _eمؤلف |
||
| 245 | 0 |
_aمبادئ المحاسبة المالية كنظام للمعلومات / _c محمد سمير الصبان |
|
| 260 |
_aالاسكندرية : _bمكتبة الوفاء القانونية, _c2012 |
||
| 300 |
_a362 صفحة؛ _bإيضاحات ؛ _c24 سم |
||
| 520 | _aيضم المحاسبة كنظام للمعلومات، معادلة المحاسبة الرئيسية، الدورة المحاسبية عملية تشغيل النظام المحاسبي، تسوية الحسابات، عمليات المشروع التجاري، الحسابات الختامية في المشروع التجاري، المعالجة المحاسبية للأوراق التجارية. | ||
| 653 | _aالمالية العامة- محاسبة | ||
| 653 | _aالمحاسبة | ||
| 653 | _aالمحاسبة التحليلية | ||
| 700 |
_aالدهراوي، كمال الدين مصطفى _eمؤلف ثانوي |
||
| 942 | _cكتاب | ||
| 999 |
_c46333 _d46333 |
||